000 00227nam a2200085Ia 4500
008 180219s9999 xx 000 0 und d
100 _aRawat Asha
245 0 _aCareer Information And Career Geidance
260 _aVinay Rakheja R. Lall Meerut
260 _c2011
999 _c42206
_d42206